000 01190nam a22002897a 4500
003 dpl
005 20180723145526.0
008 180723b xxu||||| |||| 00| 0 eng d
010 _aA-956136
020 _c110.00
_a8170433827
035 _aA-956136, A-956163
037 _bCen Lib/Ret
040 _aDPL
_bHN
_c0
082 _a
_bबॉण्डर
100 _aबॉण्ड, रस्किन
_957117
245 _aछत पर वह कमरा /
_cरस्किन बॉण्ड; अनुवादक उमा पाठक
246 _aChhat par vah kamra /
_bby Raskin Bond; anuwadak Uma Pathak
260 _aदिल्ली
_bआत्माराम एंड संस
_c1999
270 _bदिल्ली
_aकश्मीरी गेट
_e110006
300 _a123पृ.
_c20मी(सजिल्द)
650 _aहिन्दी साहित्य
_957118
650 _aहिन्दी साहित्य -- उपन्यास
_946379
650 _aHindi literature
_957119
650 _aHindi literature -- Fiction
_957120
700 _aपाठक, उमा
_957121
942 _2ddc
_cHN
_h
_mबॉण्डर
999 _c114513
_d114513